[Event "EU-ch (Women) 25th"]
[Site "Rhodes"]
[Date "2025.04.07"]
[Round "7"]
[White "Kochavi, Dana"]
[Black "Tsolakidou, Stavroula"]
[Result "0-1"]
[WhiteElo "2258"]
[BlackElo "2436"]
[PlyCount "106"]
[EventDate "2025.03.31"]
[EventType "swiss"]
[EventRounds "11"]
[EventCountry "GRE"]
[SourceTitle "CB16_2025"]
[SourceDate "2025.04.16"]
[SourceVersion "1"]
[SourceVersionDate "2025.04.16"]
[SourceQuality "1"]

1. e4 c5 2. Nf3 d6 3. d4 cxd4 4. Nxd4 Nf6 5. Nc3 a6 6. Be2 e5 7. Nb3 Be7 8. Be3 Be6 9. 0-0 0-0 10. Bf3 Qc7 11. Nd5 Nxd5 12. exd5 Bf5 13. Rc1 Nd7 14. c4 b6 15. Nd2 a5 16. b3 Nc5 17. a3 Bg6 18. Be2 f5 19. f4 Bf6 20. b4 axb4 21. axb4 Ra3 22. Bf2 Nd3 23. Nb1 Nxf2 24. Rxf2 Re3 25. fxe5 Rxe5 26. Nc3 Bg5 27. Nb5 Qe7 28. Nd4 Be3 29. Nc6 Bxf2+ 30. Kxf2 Qh4+ 31. Kg1 Re3 32. Qd4 Qxd4 33. Nxd4 Ra8 34. Bf1 Ra4 35. Nb5 Rxb4 36. Nxd6 f4 37. Ra1 h6 38. Ra8+ Kh7 39. Ra2 Bd3 40. Bxd3+ Rxd3 41. Rc2 Kg6 42. Kf2 Rdb3 43. Nc8 Rb2 44. Rxb2 Rxb2+ 45. Kf3 Kf5 46. Nd6+ Ke5 47. Nf7+ Kf6 48. Nd6 g5 49. Nc8 Ke5 50. h3 h5 51. Na7 Rb3+ 52. Kf2 Rc3 53. Nc8 b5 0-1

[Event "EU-ch (Women) 25th"]
[Site "Rhodes"]
[Date "2025.04.04"]
[Round "5"]
[White "Mammadova, Gulnar Marfat Qizi"]
[Black "Tsolakidou, Stavroula"]
[Result "1/2-1/2"]
[WhiteElo "2342"]
[BlackElo "2436"]
[PlyCount "44"]
[EventDate "2025.03.31"]
[EventType "swiss"]
[EventRounds "11"]
[EventCountry "GRE"]
[SourceTitle "CB16_2025"]
[SourceDate "2025.04.16"]
[SourceVersion "1"]
[SourceVersionDate "2025.04.16"]
[SourceQuality "1"]

1. e4 c5 2. Nf3 Nc6 3. Bb5 g6 4. Bxc6 bxc6 5. d4 Bg7 6. dxc5 Qa5+ 7. Nbd2 Qxc5 8. 0-0 d6 9. Nb3 Qb6 10. Re1 a5 11. a4 Nf6 12. h3 0-0 13. e5 dxe5 14. Nxe5 Qc7 15. Bf4 Nd5 16. Bg3 Qb6 17. Qd4 Qxd4 18. Nxd4 Bxe5 19. Rxe5 f6 20. Re2 e5 21. Nb3 Bf5 22. c3 Rfb8 1/2-1/2

[Event "Nikosia FIDE GP (Women)"]
[Site "Nicosia"]
[Date "2025.03.18"]
[Round "4"]
[White "Goryachkina, Aleksandra"]
[Black "Tsolakidou, Stavroula"]
[Result "1-0"]
[WhiteElo "2548"]
[BlackElo "2445"]
[PlyCount "101"]
[EventDate "2025.03.15"]
[EventType "tourn"]
[EventRounds "9"]
[EventCountry "CYP"]
[EventCategory "10"]
[SourceTitle "CB13_2025"]
[SourceDate "2025.03.26"]
[SourceVersion "1"]
[SourceVersionDate "2025.03.26"]
[SourceQuality "1"]

1. e4 c5 2. Nf3 Nc6 3. Bb5 g6 4. 0-0 Bg7 5. d3 e5 6. a3 Nge7 7. b4 d6 8. bxc5 dxc5 9. Bg5 Bd7 10. a4 0-0 11. Bxc6 Bxc6 12. Bxe7 Qxe7 13. c4 f5 14. Nc3 Bh6 15. Re1 Rf7 16. Nd5 Qd6 17. Ra2 Raf8 18. a5 Bxd5 19. exd5 Re7 20. Rae2 Rfe8 21. Qb1 Qc7 22. h4 Kf8 23. Qa1 Bg7 24. Ng5 Bf6 25. Ne6+ Rxe6 26. dxe6 Rxe6 27. Qb2 Bxh4 28. Rb1 Re7 29. Qa3 Qd6 30. Rb5 Rc7 31. Qb2 Bf6 32. Rxb7 e4 33. Rb8+ Kg7 34. Qb1 exd3 35. Rd2 Bd4 36. Rxd3 Qe6 37. Rdb3 Qxc4 38. R8b7 Rxb7 39. Rxb7+ Kf6 40. Qe1 Kg5 41. Rxh7 Qc2 42. g3 f4 43. Qe7+ Bf6 44. Qe6 Qd1+ 45. Kg2 f3+ 46. Kh2 Qe2 47. Qe3+ Qxe3 48. fxe3 a6 49. Ra7 Bc3 50. Rxa6 Bd2 51. Rxg6+ 1-0

[Event "Titled Tuesday intern op 25th Feb Early"]
[Site "Chess.com INT"]
[Date "2025.02.25"]
[Round "4"]
[White "Rabin, Evan Z"]
[Black "Tsolakidou, Stavroula"]
[Result "1/2-1/2"]
[WhiteElo "1945"]
[BlackElo "2447"]
[PlyCount "81"]
[EventDate "2025.02.25"]
[EventType "swiss (blitz)"]
[EventRounds "11"]
[EventCountry "USA"]
[SourceTitle "CB10_2025"]
[SourceDate "2025.03.05"]
[SourceVersion "1"]
[SourceVersionDate "2025.03.05"]
[SourceQuality "1"]

1. d4 Nf6 2. c4 c5 3. d5 b5 4. cxb5 a6 5. bxa6 e6 6. Nc3 exd5 7. Nxd5 Be7 8. Nf3 Nxa6 9. g3 Nxd5 10. Qxd5 Rb8 11. Bg2 Bb7 12. Qd1 0-0 13. 0-0 Be4 14. b3 Nb4 15. Bf4 Rb6 16. Nd2 Bxg2 17. Kxg2 Qa8+ 18. f3 Nd5 19. Nc4 Nxf4+ 20. gxf4 Rg6+ 21. Kh1 Bf6 22. Rg1 Bxa1 23. Qxa1 d5 24. Ne5 Rxg1+ 25. Kxg1 Rc8 26. a4 Qa5 27. Qd1 d4 28. Qd3 Qc3 29. Qf5 Rf8 30. Nd7 Qe1+ 31. Kg2 Qxe2+ 32. Kg3 Rd8 33. Ne5 Qe1+ 34. Kh3 Qf1+ 35. Kg3 Qg1+ 36. Kh3 Rf8 37. Nd7 Re8 38. Ne5 Rf8 39. Nd7 Qf1+ 40. Kg3 Qg1+ 41. Kh3 1/2-1/2